[Event "Superclub Championship • Above 1799"]
[Site "SchemingMind.com"]
[Date "2017.03.17"]
[Round "-"]
[White "VladimirII"]
[Black "Vermonty"]
[Result "1-0"]
[WhiteCountry "RUS"]
[BlackCountry "USA"]
[WhiteElo "2525"]
[WhiteRD "128"]
[BlackElo "1986"]
[BlackRD "75"]
[GameID "411641"]

1. e4 Nf6 2. e5 Nd5 3. d4 d6 4. Nf3 Nc6 5. c4 Nb6 6. Nc3 Bf5 7. exd6 cxd6 8. Be3 e6 9. d5 Ne5 10. Nxe5 dxe5
11. d6 f6 12. c5 Nd7 13. Bc4 h5 14. O-O g5 15. Nb5 Kf7 16. Qf3 Kg6 17. Qxb7 Rh7 18. Qf3 e4 19. Qe2 Ne5 20. Nd4 Nxc4
21. Qxc4 Qc8 22. Rac1 Rb8 23. b4 e5 24. Nxf5 Kxf5 25. f3 Kg6 26. fxe4 Qc6 27. Qe6
1-0

[Event "Superclub Championship • Above 1799"]
[Site "SchemingMind.com"]
[Date "2017.03.17"]
[Round "-"]
[White "Vermonty"]
[Black "VladimirII"]
[Result "0-1"]
[WhiteCountry "USA"]
[BlackCountry "RUS"]
[WhiteElo "1986"]
[WhiteRD "75"]
[BlackElo "2525"]
[BlackRD "128"]
[GameID "411642"]

1. e4 e5 2. Nf3 Nc6 3. Bb5 Nf6 4. Qe2 Bc5 5. d3 O-O 6. c3 Re8 7. Be3 Bxe3 8. fxe3 a6 9. Ba4 b5 10. Bb3 Na5
11. Bc2 c5 12. Nbd2 d6 13. O-O Be6 14. Ng5 Bg4 15. Qf2 h6 16. Ngf3 Rb8 17. h3 Be6 18. d4 cxd4 19. exd4 Qc7 20. d5 Bd7
21. Nh4 b4 22. Rac1 bxc3 23. bxc3 Rec8 24. Bd3 Rb2 25. Bxa6 Ra8 26. Bd3 Rxa2 27. Qe3 Kh7 28. Nf5 Bxf5 29. Rxf5 Rb8 30. g4 Rbb2
31. Nf3 Nb3 32. Re1 Qxc3 33. g5 Rg2+ 34. Kh1 Nh5
0-1

[Event "Superclub Championship • Above 1799"]
[Site "SchemingMind.com"]
[Date "2017.03.13"]
[Round "-"]
[White "opto"]
[Black "Barrios"]
[Result "0-1"]
[WhiteCountry "CAN"]
[BlackCountry "USA"]
[WhiteElo "1956"]
[WhiteRD "83"]
[BlackElo "2379"]
[BlackRD "121"]
[GameID "411666"]

1. e4 e6 2. d4 d5 3. exd5 exd5 4. c4 Nf6 5. Nc3 Bb4 6. Bd3 O-O 7. Ne2 dxc4 8. Bxc4 Nc6 9. O-O Bd6 10. Nb5 Re8
11. Nxd6 Qxd6 12. Bf4 Qb4 13. b3 Bg4 14. f3 Be6 15. Bxe6 Rxe6 16. Bxc7 Nd5 17. Bf4 Rxe2 18. Qxe2 Nxf4 19. Qe4 Nxd4 20. Kh1 Qd2
21. Rg1 Nd3
0-1

[Event "Superclub Championship • Above 1799"]
[Site "SchemingMind.com"]
[Date "2017.03.13"]
[Round "-"]
[White "Barrios"]
[Black "opto"]
[Result "1-0"]
[WhiteCountry "USA"]
[BlackCountry "CAN"]
[WhiteElo "2379"]
[WhiteRD "121"]
[BlackElo "1956"]
[BlackRD "83"]
[GameID "411667"]

1. e4 c5 2. Nc3 Nc6 3. g3 d6 4. Bg2 g6 5. d3 Bg7 6. Be3 e6 7. Qd2 h5 8. Nf3 Nd4 9. Bxd4 cxd4 10. Nb5 e5
11. Qb4 Bf8 12. Qc4 Be6 13. Nc7+ Kd7 14. Nxe6 fxe6 15. Qb5+ Kc7 16. Nxe5 a6 17. Qc4+ Kb8 18. Nf7 Qa5+ 19. b4 Qb6 20. Nxh8 Bg7
21. Nxg6
1-0

[Event "Superclub Championship • Above 1799"]
[Site "SchemingMind.com"]
[Date "2017.03.15"]
[Round "-"]
[White "2curious"]
[Black "lawyertheologian"]
[Result "1-0"]
[WhiteCountry "USA"]
[BlackCountry "USA"]
[WhiteElo "2172"]
[WhiteRD "129"]
[BlackElo "1979"]
[BlackRD "94"]
[GameID "411771"]

1. e4 Nf6 2. e5 Nd5 3. d4 d6 4. Nf3 g6 5. Bc4 Nb6 6. Bb3 Bg7 7. Qe2 O-O 8. h3 Nc6 9. O-O Bf5 10. Re1 Qd7
11. Nc3 Kh8 12. d5 Nxe5 13. Nxe5 dxe5 14. g4 e6 15. gxf5 exd5 16. f6 Bxf6 17. Qf3 Bg7 18. Nxd5 Nxd5 19. Qxd5 Qxh3 20. Qxb7 Rad8
21. Qg2 Qh5 22. c3 f5 23. Bg5 Bf6 24. Bxf6+ Rxf6 25. Rxe5 Rd2 26. Re7 c6 27. Rae1 Rfd6 28. Qg3 f4 29. Re8+ Kg7 30. Qxf4 Qg4+
31. Qxg4
1-0

[Event "Superclub Championship • Above 1799"]
[Site "SchemingMind.com"]
[Date "2017.03.15"]
[Round "-"]
[White "lawyertheologian"]
[Black "2curious"]
[Result "0-1"]
[WhiteCountry "USA"]
[BlackCountry "USA"]
[WhiteElo "2018"]
[WhiteRD "97"]
[BlackElo "2143"]
[BlackRD "132"]
[GameID "411772"]

1. e4 e5 2. Nc3 Nc6 3. f4 Bc5 4. Nf3 d6 5. Na4 Bg4 6. Nxc5 dxc5 7. Bb5 Ne7 8. h3 Bxf3 9. Qxf3 O-O 10. c3 exf4
11. Qxf4 Ng6 12. Qg3 Nce5 13. h4 c6 14. Be2 Qd6 15. d4 cxd4 16. h5 d3 17. Bf1 Rad8 18. Bd2 Nh8 19. O-O-O f6 20. Bf4 Nhf7
21. Kb1 Qe6 22. Rh4 h6 23. Bc1 Qc4 24. Bd2 Ng5 25. Qe1 Qb5 26. Ka1 c5 27. b3 c4 28. bxc4 Qa4 29. Rb1 Nxc4 30. e5 fxe5
31. Rb4 Nxd2 32. Bxd3 Qc6 33. Qxd2 e4
0-1

[Event "Superclub Championship • Above 1799"]
[Site "SchemingMind.com"]
[Date "2017.03.23"]
[Round "-"]
[White "Abstract Actuary"]
[Black "brankat"]
[Result "0-1"]
[WhiteCountry "USA"]
[BlackCountry "CAN"]
[WhiteElo "1810"]
[WhiteRD "70"]
[BlackElo "2054"]
[BlackRD "114"]
[GameID "411945"]

1. e4 e5 2. Nf3 Nc6 3. c3 d5 4. Qa4 Nf6 5. Nxe5 Bd6 6. Nxc6 bxc6 7. d4 dxe4 8. Qxc6+ Bd7 9. Qc4 Rb8 10. a4 O-O
11. Be2 Rb6 12. b4 Be6 13. d5 Bxd5 14. Qd4 a5 15. b5 e3 16. f3 c5 17. Qd3 Ng4 18. fxg4 Qh4+ 19. Kd1 Bb3+ 20. Qc2 Bxc2+
21. Kxc2 Qf2 22. Kd3 Rd8 23. Bxe3 Bf4+
0-1

[Event "Superclub Championship • Above 1799"]
[Site "SchemingMind.com"]
[Date "2017.03.20"]
[Round "-"]
[White "brankat"]
[Black "Abstract Actuary"]
[Result "1-0"]
[WhiteCountry "CAN"]
[BlackCountry "USA"]
[WhiteElo "2054"]
[WhiteRD "114"]
[BlackElo "1810"]
[BlackRD "70"]
[GameID "411946"]

1. e4 d6 2. d4 Nf6 3. Nc3 g6 4. Nf3 Bg7 5. Be2 O-O 6. O-O c6 7. a4 Qc7 8. Bf4 Nbd7 9. e5 Nh5 10. Bg5 f6
11. exf6 exf6 12. Be3 d5 13. Qc1 f5 14. Bh6 Ndf6 15. Re1 Bd7 16. Ne5 Rae8 17. h3 Re7 18. Qg5 Rfe8 19. Bxg7 Kxg7 20. Rad1 Kh8
21. Bxh5 Nxh5 22. Nxg6+
1-0

[Event "Superclub Championship • Above 1799"]
[Site "SchemingMind.com"]
[Date "2017.03.22"]
[Round "-"]
[White "Robert Pallett"]
[Black "Professor"]
[Result "0-1"]
[WhiteCountry "ENG"]
[BlackCountry "USA"]
[WhiteElo "2438"]
[WhiteRD "88"]
[BlackElo "2577"]
[BlackRD "78"]
[GameID "412082"]

1. e4 e5 2. Nf3 Nc6 3. Bb5 a6 4. Ba4 d6 5. c3 Bd7 6. d4 Nf6 7. Nbd2 g6 8. O-O Bg7 9. Re1 O-O 10. h3 Re8
11. Bc2 Qe7 12. d5 Nd8 13. Nc4 b5 14. Na5 c6 15. Bg5 h6 16. Bxf6 Qxf6 17. a4 cxd5 18. exd5 Rb8 19. Qe2 Qe7 20. axb5 axb5
21. Qd2 f5 22. Nd4 Kh8 23. Bb3 Rc8 24. c4 Qf6 25. Nxb5 e4 26. Nc3 Qh4 27. Ba4 Bxa4 28. Rxa4 Nf7 29. Ra3 Ng5 30. Nb5 f4
31. Nxd6 f3 32. Kf1 Nxh3
0-1

[Event "Superclub Championship • Above 1799"]
[Site "SchemingMind.com"]
[Date "2017.03.22"]
[Round "-"]
[White "Professor"]
[Black "Robert Pallett"]
[Result "1-0"]
[WhiteCountry "USA"]
[BlackCountry "ENG"]
[WhiteElo "2577"]
[WhiteRD "78"]
[BlackElo "2438"]
[BlackRD "88"]
[GameID "412083"]

1. e4 e5 2. Nf3 Nc6 3. Bb5 a6 4. Ba4 d6 5. c3 Bd7 6. O-O Nf6 7. Re1 g6 8. d4 Qe7 9. Nbd2 b5 10. Bc2 Bg7
11. Nf1 O-O 12. Bg5 h6 13. Bh4 Rfe8 14. h3 Rab8 15. Rc1 Qd8 16. Bb1 a5 17. Ne3 a4 18. d5 Ne7 19. Nd2 Nh5 20. c4 Nf4
21. cxb5 Bxb5 22. Ndc4 Qd7 23. Rc3 f5 24. Na3 Ba6 25. Bc2 Rb4 26. Nac4 fxe4 27. a3 Rb7 28. Bxa4 Bb5 29. Bxb5 Rxb5 30. Bxe7 Rxe7
31. b4 Rf7 32. Qc2 Nxd5 33. Nxd5 Rxd5 34. Qxe4 Qe6 35. Qc2 Qf5 36. Qa2 Rd4 37. Ne3 Qd7 38. Rec1 c5 39. Rb1 Bf6 40. b5 Kg7
41. a4 Bh4 42. Rc2 Bg5 43. b6 Rf8 44. Nc4 e4 45. a5 d5 46. Ne5
1-0

[Event "Superclub Championship • Above 1799"]
[Site "SchemingMind.com"]
[Date "2017.04.04"]
[Round "-"]
[White "Luki212"]
[Black "Till Plewe"]
[Result "0-1"]
[WhiteCountry "SVK"]
[BlackCountry "JPN"]
[WhiteElo "2094"]
[WhiteRD "119"]
[BlackElo "2444"]
[BlackRD "100"]
[GameID "412454"]

1. d4 d5 2. c4 e6 3. Nf3 Nf6 4. Nc3 Bb4 5. cxd5 exd5 6. Bg5 Qd6 7. Nd2 Bf5 8. e3 Nbd7 9. Be2 O-O 10. O-O h6
11. Bf4 Qe7 12. Bf3 Nb6 13. Rc1 c6 14. a3 Bd6 15. Bxd6 Qxd6 16. Na4 Rae8 17. Nc5 Re7 18. b4 Ne4 19. Bxe4 dxe4 20. a4 Nd5
21. b5 b6 22. Na6 cxb5 23. axb5 Qa3 24. Nc4 Qd3 25. Qxd3 exd3 26. Ne5 f6 27. Nc6 Rd7 28. Nab4 d2 29. Rcd1 Nc3 30. Rxd2 Nxb5
31. Rb2 Re8 32. Rc1 Nd6 33. Nd5 Be4 34. Ncb4 Rc8 35. Rxc8+ Nxc8 36. Nc3 Rc7 37. Nba2 Bg6 38. f3 Nd6 39. e4 Bf7 40. d5 Be8
41. Ne2 b5 42. Kf2 a5 43. Nd4 b4 44. Nxb4 axb4 45. Rxb4 Kf7 46. g4 Bd7 47. Ke2 Ra7 48. h4 Ra2+ 49. Ke3 Ra3+ 50. Kf4 g5+
51. hxg5 hxg5+ 52. Kg3 Nxe4+ 53. Kg2 Ra2+ 54. Kf1 Nd6
0-1

[Event "Superclub Championship • Above 1799"]
[Site "SchemingMind.com"]
[Date "2017.04.03"]
[Round "-"]
[White "Till Plewe"]
[Black "Luki212"]
[Result "1-0"]
[WhiteCountry "JPN"]
[BlackCountry "SVK"]
[WhiteElo "2445"]
[WhiteRD "97"]
[BlackElo "2070"]
[BlackRD "123"]
[GameID "412455"]

1. e4 e5 2. Nf3 Nc6 3. Bc4 Bc5 4. c3 Nf6 5. d3 d6 6. O-O a6 7. Bb3 Ba7 8. Nbd2 O-O 9. h3 Ne7 10. Re1 Ng6
11. Nf1 Re8 12. Ng3 h6 13. d4 c6 14. Be3 exd4 15. Bxd4 Bxd4 16. cxd4 Be6 17. Bc2 Nf4 18. Qd2 N6h5 19. Nxh5 Nxh5 20. Rad1 Nf6
21. Bb1 Qc7 22. Qc2 Kf8 23. e5 Ng8 24. d5 Bd7 25. dxc6
1-0

[Event "Superclub Championship • Above 1799"]
[Site "SchemingMind.com"]
[Date "2017.04.07"]
[Round "-"]
[White "NYNH"]
[Black "Gerrish Gray"]
[Result "0-1"]
[WhiteCountry "USA"]
[BlackCountry "ENG"]
[WhiteElo "2055"]
[WhiteRD "91"]
[BlackElo "2352"]
[BlackRD "103"]
[GameID "412575"]

1. d4 d5 2. Nf3 Bf5 3. c4 e6 4. Nc3 Nf6 5. Bf4 Bd6 6. Bxd6 Qxd6 7. e3 O-O 8. Nh4 Be4 9. f3 Bg6 10. Nxg6 hxg6
11. Be2 c5 12. cxd5 Nxd5 13. Nxd5 exd5 14. O-O Nc6 15. Rc1 cxd4 16. exd4 Qf6 17. Kh1 Nxd4 18. Rc7 Qe5 19. Rxb7 Nxe2 20. Re1 Rfe8
21. Rf1 Rac8 22. Qd2 d4 23. Rxa7 Rc1 24. Rxc1 Nxc1 25. h3 Ne2 26. b4 d3 27. g4 Qa1+
0-1

[Event "Superclub Championship • Above 1799"]
[Site "SchemingMind.com"]
[Date "2017.04.09"]
[Round "-"]
[White "Gerrish Gray"]
[Black "NYNH"]
[Result "1-0"]
[WhiteCountry "ENG"]
[BlackCountry "USA"]
[WhiteElo "2352"]
[WhiteRD "103"]
[BlackElo "2055"]
[BlackRD "91"]
[GameID "412576"]

1. d4 Nf6 2. c4 c5 3. d5 b5 4. cxb5 a6 5. b6 e6 6. Nc3 Nxd5 7. Nxd5 exd5 8. Qxd5 Nc6 9. Nf3 Rb8 10. e4 Be7
11. Ne5 Nxe5 12. Qxe5 d6 13. Qxg7 Bf6 14. Qh6 Rg8 15. g3 Rxb6 16. Bg2 d5 17. Qf4 dxe4 18. O-O Rg4 19. Qe3 Bd4 20. Qe2 f5
21. Rd1 a5 22. Rb1 Be6 23. b3 Qf6 24. Be3 Kf8 25. Rbc1 a4 26. Rxc5 Bxe3 27. Qxe3 axb3 28. Rc7 Rb8 29. axb3 Rxb3 30. Qh6+ Qxh6
31. Rd8#
1-0

[Event "Superclub Championship • Above 1799"]
[Site "SchemingMind.com"]
[Date "2017.06.02"]
[Round "-"]
[White "VladimirII"]
[Black "2curious"]
[Result "1-0"]
[WhiteCountry "RUS"]
[BlackCountry "USA"]
[WhiteElo "2517"]
[WhiteRD "121"]
[BlackElo "2148"]
[BlackRD "128"]
[GameID "414481"]

1. e4 c5 2. c3 Nf6 3. e5 Nd5 4. Nf3 Nc6 5. Bc4 Nb6 6. Bb3 d5 7. exd6 Qxd6 8. O-O Be6 9. Na3 Bxb3 10. axb3 g6
11. d4 cxd4 12. Nb5 Qd7 13. Bf4 Nd5 14. Bg3 Bh6 15. Nbxd4 Bg7 16. Nxc6 Qxc6 17. Qd3 O-O 18. Rfd1 e6 19. Ne5 Bxe5 20. Bxe5 f6
21. Bd4 Nf4 22. Qf1 e5 23. Bxa7 Rfd8 24. Be3 Rxa1 25. Rxa1 Nd3 26. Rd1 Qe4 27. Rd2 f5 28. Bg5 Rd7 29. f3 Qd5 30. Be3 e4
31. b4 b5 32. Bd4 Qc6 33. fxe4 fxe4 34. b3 Rf7 35. Qa1 Rf8 36. Qa7 Rf7 37. Qb8+ Rf8 38. Qg3 Qe6 39. h3 Qf5 40. Ra2 Qf4
41. Qxf4 Nxf4 42. c4 bxc4 43. bxc4 Nd3 44. b5 Nc1 45. Rb2 Rd8 46. Be3
1-0

[Event "Superclub Championship • Above 1799"]
[Site "SchemingMind.com"]
[Date "2017.06.02"]
[Round "-"]
[White "2curious"]
[Black "VladimirII"]
[Result "0-1"]
[WhiteCountry "USA"]
[BlackCountry "RUS"]
[WhiteElo "2148"]
[WhiteRD "128"]
[BlackElo "2517"]
[BlackRD "121"]
[GameID "414482"]

1. d4 Nf6 2. c4 e6 3. Nc3 Bb4 4. Qc2 O-O 5. a3 Bxc3+ 6. Qxc3 b6 7. Bg5 Bb7 8. f3 h6 9. Bh4 d5 10. e3 Nbd7
11. cxd5 Nxd5 12. Bxd8 Nxc3 13. Be7 Rfe8 14. Bh4 Nd5 15. Bf2 Ne7 16. Bd3 c5 17. Ne2 cxd4 18. exd4 Nf6 19. Rc1 Red8 20. Bh4 g5
21. Bf2 Rac8 22. O-O Nfd5 23. Rfe1 Kg7 24. Kf1 Kf6 25. h3 Ng6 26. Bb5 Ke7 27. Bc4 Rd7 28. Red1 Rdc7 29. Bxd5 Bxd5 30. Nc3 Bc4+
31. Ke1 f5 32. d5 Bxd5 33. Nxd5+ exd5 34. Rxc7+ Rxc7 35. Rxd5 Ke6 36. Rd1 Rc2 37. Rd2 Rc1+ 38. Rd1 Rxd1+ 39. Kxd1 Nf4 40. Bg3 Nxg2
41. Bb8 a6 42. Bc7 b5 43. Ke2 Kd5 44. Kf2 Nf4 45. Bxf4 gxf4 46. b3 Kd4
0-1

[Event "Superclub Championship • Above 1799"]
[Site "SchemingMind.com"]
[Date "2017.06.01"]
[Round "-"]
[White "Professor"]
[Black "Barrios"]
[Result "1/2-1/2"]
[WhiteCountry "USA"]
[BlackCountry "USA"]
[WhiteElo "2561"]
[WhiteRD "81"]
[BlackElo "2400"]
[BlackRD "127"]
[GameID "414597"]

1. e4 e6 2. d4 d5 3. Nd2 Nf6 4. e5 Nfd7 5. c3 c5 6. Bd3 Nc6 7. Ne2 cxd4 8. cxd4 f6 9. exf6 Nxf6 10. Nf3 Bd6
11. O-O O-O 12. Bf4 Bxf4 13. Nxf4 Ne4 14. Qc1 Ng5 15. Nxg5 Qxg5 16. Ne2 Qxc1 17. Raxc1 Bd7 18. Bb5 Rac8 19. Bxc6 Bxc6 20. Rfe1 Bb5
21. Nc3 Bd7 22. f3 Kf7 23. Kf2 Rc4 24. Ne2 Rfc8 25. Rxc4 Rxc4 26. Rc1 a5 27. Ke3 Rb4 28. Rc2 g5 29. Rc7 Ke7 30. b3 a4
31. Nc1 axb3 32. axb3 Kd6 33. Rc3 Rb5 34. Nd3 Ra5 35. Kd2 Be8 36. Ne5=
1/2-1/2

[Event "Superclub Championship • Above 1799"]
[Site "SchemingMind.com"]
[Date "2017.06.01"]
[Round "-"]
[White "Barrios"]
[Black "Professor"]
[Result "0-1"]
[WhiteCountry "USA"]
[BlackCountry "USA"]
[WhiteElo "2357"]
[WhiteRD "115"]
[BlackElo "2582"]
[BlackRD "85"]
[GameID "414598"]

1. e4 e5 2. Nf3 Nc6 3. Bb5 a6 4. Bxc6 dxc6 5. O-O Qf6 6. d4 exd4 7. Bg5 Qd6 8. Nxd4 Be7 9. Bxe7 Nxe7 10. Nc3 Bd7
11. Nb3 Qxd1 12. Raxd1 b6 13. Nd4 c5 14. Nde2 O-O-O 15. f3 f5 16. Nf4 Nc6 17. Nh5 fxe4 18. fxe4 g6 19. Nf6 Nd4 20. Ncd5 Be6
21. c4 Kb7 22. b3 Nc6 23. Kf2 Ne5 24. Kg3 g5 25. Ne3 Rdf8 26. h3 h5 27. h4 gxh4+ 28. Kxh4 a5 29. Nfd5 Rfg8 30. Nf6 Rg6
31. Nfd5 Rg7 32. Rd2 Rd8 33. Rdf2 a4 34. Nf4 Bc8 35. Nfd5 axb3 36. axb3 c6 37. Nf6 Rg6 38. Rd1 Rd4 39. Kxh5 Be6 40. Rxd4 cxd4
41. Nf5 d3 42. Nh7 b5 43. cxb5 cxb5 44. Nf8 Bxf5 45. Nxg6 Bxg6+ 46. Kg5 Kc6 47. Kf4 Kd6 48. g4 Bf7 49. Rb2 Be6 50. g5 Bf7
51. Ke3 Kc5 52. Rb1 Kb4 53. Kd4 Nf3+ 54. Kxd3 Nxg5 55. Rg1 Ne6 56. Rh1 Nc5+ 57. Kd4 Nxb3+ 58. Ke5 Nd2 59. Kf6 Bc4 60. Rh4 Nf3
61. Rh3 Nd4 62. Ke5 Ne6
0-1

[Event "Superclub Championship • Above 1799"]
[Site "SchemingMind.com"]
[Date "2017.09.06"]
[Round "-"]
[White "brankat"]
[Black "Till Plewe"]
[Result "0-1"]
[WhiteCountry "CAN"]
[BlackCountry "JPN"]
[WhiteElo "2071"]
[WhiteRD "117"]
[BlackElo "2532"]
[BlackRD "108"]
[GameID "418151"]

1. e4 e5 2. Nf3 Nc6 3. Bb5 a6 4. Ba4 Nf6 5. O-O Be7 6. Re1 b5 7. Bb3 d6 8. c3 O-O 9. h3 Nb8 10. d4 Nbd7
11. Nbd2 Bb7 12. Bc2 Re8 13. a4 Bf8 14. Bd3 c6 15. b3 g6 16. Bb2 Nh5 17. Bf1 Nf4 18. Qc2 Rc8 19. g3 Ne6 20. h4 exd4
21. Nxd4 Nec5 22. axb5 cxb5 23. f3 d5 24. exd5 Bxd5 25. c4 Bb7 26. Bh3 Bg7 27. Kh2 Rc7 28. Rxe8+ Qxe8 29. Ra2 Qe1 30. Nf1 Ne5
31. Ra1 Qb4 32. Nd2 Ncd3 33. Bc3 Qc5 34. Rf1 b4 35. Ba1 Re7 36. Ne4 Nxf3+ 37. Nxf3 Bxe4 38. Ng5 Bxa1 39. Nxe4 Qe3 40. Bg2 Bd4
41. Ng5 f5 42. Nh3 Ne1 43. Qd1 Nxg2 44. Kxg2 Qe2+ 45. Kh1 Re3 46. Qxe2 Rxe2 47. Rd1 Be5 48. Rd3 a5 49. Ng5 h6 50. Nh3 Kf7
51. Kg1 Kf6 52. Kf1 Rc2 53. Nf4 a4 54. bxa4 Rxc4 55. Ne2 Rc2 56. Rb3 Bd6 57. Nf4 Bxf4 58. gxf4 Rc4 59. Rf3 Rc1+ 60. Ke2 Ra1
61. Rd3 Rxa4 62. Rd6+ Kf7 63. Rb6 Ra2+ 64. Ke3 Rh2 65. Rxb4 Rxh4 66. Rb7+ Ke8 67. Rb6 Rg4 68. Rb8+ Kd7 69. Rb7+ Kc6 70. Rh7 h5
71. Kf3 Kd6 72. Rg7 Ke6 73. Rb7 Rg1 74. Kf2 Ra1 75. Rh7 Kf6 76. Kg3 Re1 77. Ra7 Re7 78. Ra3 Kg7 79. Rc3 Ra7 80. Rc8 Ra3+
81. Kg2 h4 82. Rb8 h3+ 83. Kh2 Rf3 84. Rb7+ Kh6 85. Rb4 Kh5 86. Ra4 Kh4 87. Ra6 Rf2+
0-1

[Event "Superclub Championship • Above 1799"]
[Site "SchemingMind.com"]
[Date "2017.09.06"]
[Round "-"]
[White "Till Plewe"]
[Black "brankat"]
[Result "1-0"]
[WhiteCountry "JPN"]
[BlackCountry "CAN"]
[WhiteElo "2471"]
[WhiteRD "98"]
[BlackElo "1988"]
[BlackRD "108"]
[GameID "418152"]

1. e4 c6 2. d4 d5 3. e5 Bf5 4. h4 a6 5. a3 h5 6. Bd3 Bxd3 7. Qxd3 g6 8. e6 Nh6 9. Nf3 Qd6 10. Ng5 Rg8
11. g3 fxe6 12. Bf4 Qd7 13. Nc3 c5 14. dxc5 Nf5 15. O-O-O Bh6 16. Nxe6 Qxe6 17. Bxh6 Nxh6 18. Nxd5 Qc6 19. Rhe1 Nf5 20. Nxe7
1-0

[Event "Superclub Championship • Above 1799"]
[Site "SchemingMind.com"]
[Date "2018.05.14"]
[Round "-"]
[White "Professor"]
[Black "Till Plewe"]
[Result "1-0"]
[WhiteCountry "USA"]
[BlackCountry "JPN"]
[WhiteElo "2582"]
[WhiteRD "88"]
[BlackElo "2449"]
[BlackRD "78"]
[GameID "428226"]

1. e4 e5 2. Nf3 Nc6 3. Bb5 f5 4. d3 fxe4 5. dxe4 Nf6 6. O-O Bc5 7. Bxc6 bxc6 8. Nxe5 O-O 9. Nc3 d6 10. Nd3 Bd4
11. Ne2 Bb6 12. Bg5 Qe8 13. Bxf6 Rxf6 14. Ng3 Qf7 15. a4 a5 16. Kh1 Rh6 17. Qd2 Bd7 18. b3 Rf8 19. Rae1 Qf6 20. Nf5 Bxf5
21. exf5 Qxf5 22. f3 g5 23. h3 Rg6 24. g4 Qf6 25. f4 gxf4 26. Qxf4 Qxf4 27. Rxf4 Rxf4 28. Nxf4 Rf6 29. Nd3 Kf7 30. Kg2 Bd4
31. g5 Rf5 32. h4 c5 33. Kg3 h5 34. Re4 Rd5 35. c4 Rf5 36. Rf4 Ke6 37. b4 Be5 38. bxa5 Bxf4+ 39. Nxf4+ Ke5 40. Nxh5 Rf1
41. a6 Ra1 42. Kg4 Rxa4 43. g6 Rxa6 44. g7 Ra8 45. Kg5 d5 46. cxd5 Ke4 47. Nf4 Rg8 48. Kg6 Kxf4 49. h5
1-0

[Event "Superclub Championship • Above 1799"]
[Site "SchemingMind.com"]
[Date "2018.05.14"]
[Round "-"]
[White "Till Plewe"]
[Black "Professor"]
[Result "1/2-1/2"]
[WhiteCountry "JPN"]
[BlackCountry "USA"]
[WhiteElo "2455"]
[WhiteRD "78"]
[BlackElo "2571"]
[BlackRD "88"]
[GameID "428227"]

1. e4 e5 2. Bc4 Nf6 3. d3 c6 4. Nf3 d5 5. Bb3 Bb4+ 6. Bd2 Bxd2+ 7. Nbxd2 Nbd7 8. O-O O-O 9. Re1 Re8 10. d4 exd4
11. exd5 Rxe1+ 12. Qxe1 cxd5 13. Nxd4 Nc5 14. Nf1 Qb6 15. c3 Bd7 16. Ne3 Re8 17. Qd2 Bc6 18. Re1 g6 19. h3 a5 20. Re2 Ne6
21. Ng4 Nxg4 22. hxg4 Nxd4=
1/2-1/2